Rozpoznaj skałę (skały magmowe) - Statystyki

Ogólne statystyki
  • Ten quiz został rozwiązany 661 razy
  • Średni wynik to 3 z 18
Statystyki odpowiedzi
Obrazkowy Odpowiedź % Poprawnych
bazalt
69%
granit
51%
obsydian
38%
porfir
25%
dioryt
21%
gabro
16%
andezyt
8%
melafir
7%
sjenit
6%
pegmatyt
5%
latyt
3%
ryolit
3%
bazalt oliwinowy
2%
diabaz
2%
perydotyt
2%
dacyt
1%
monzonit
0%
trachit
0%
Nie znaleziono quizów pasujących do podanych kryteriów
Rozkład punktacji
Procent ludzi z każdym wynikiem
Percentyl według liczby udzielonych odpowiedzi
Twoja historia wyników
Nie rozwiązałeś tego quizu